1980 sonrasında ruhsatsız konut yapımı (Record no. 1574)

MARC details
000 -BAŞLIK
Sabit Uzunlukta Kontrol Alanı 00714na a2200241 4500
001 - KONTROL NUMARASI
Denetim Alanı 13073
003 - KONTROL NUMARASI IDENTIFIER
Denetim Alanı MIRAKIL
005 - SON İŞLEM TARİHİ VE ZAMANI
Denetim Alanı 20181213154827.0
008 - SABİT-BOY VERİ ELEMANLARI - GENEL BİLGİLER
Sabit Uzunlukta Kontrol Alanı 161010b tu 000 0
020 ## - ULUSLARARASI STANDART KİTAP NUMARASI
Uluslararası Standart Kitap Numarası 9751913551
040 ## - KATALOGLAMA KAYNAK
Orijinal Kataloglama Ajansı Milas
Kataloglama Dili tur
Metne Dönüştürmek Ajansı TR-AnCHP
041 ## - DİL KODU
Metin / Ses Parça Veya Ayrı Başlığın Dil Kodu tur
082 ## - DEWEY ONLU SINIFLANDIRMA NUMARASI
Sınıflandırma Numarası 643.2
Ürün Numarası Ş35b
090 ## - SINIFLAMA NUMARASI
Sınıflama Numarası 643.2 Ş35b 1996
100 ## - ANA GİRİŞ - KİŞİSEL İSİM
Kişisel Ad Şenyapılı, Tansı
245 ## - BAŞLIK TABLOSU
Başlık 1980 sonrasında ruhsatsız konut yapımı
Sorumluluk Tablosu, Vb Tansı Şenyapılı
260 ## - YAYIN, DAĞITIM, VB
Yayın, Dağıtım, Vb Yeri Ankara
Yayıncı, Dağıtıcı, Vs Adı T.C Başbakanlık Toplu Konut İdaresi Başkanlığı
Yayın, Dağıtım, Vb Tarihi 1996
300 ## - FİZİKSEL TANIM
Kapsam xiv, 82 s.
Diğer Fiziksel Ayrıntıları tbl.
Boyutlar 24 sm.
490 ## - SERİSİ TABLOSU
Seri Beyanı Konut Araştırmaları dizisi
Hacim / Ardışık Tanımı 8
650 ## - KONU KATMA GİRİŞ - TOPİKAL DÖNEM
Topikal Süreli Veya Coğrafi Ad Giriş Elemanı Konutlar
Genel Alt Bölümü Gecekondu
Kronolojik Alt Bölümü 1980-
942 ## - EKLENDİ GİRİŞ ELEMANLARI (KOHA)
Sınıflandırma Veya Raf Düzeni Kaynak Dewey Decimal Classification
Koha Öğesi Türü Books
999 ## - SİSTEM KONTROL NUMARALARI (KOHA)
Koha Biblionumber 1574
Koha Biblioitemnumber 1574
657 ## - INDEX SÜRE - İŞLEVİ
-- Ruhsatsız konutlar
Holdings
Kalıcı Konum Mevcut Konum Edinme Tarihi Edinim Kaynak Toplam Check-Out'Lar Tam Çağrı Numarası Barkod Tarih Son Görülme İtibaren Geçerli Fiyatlar Koha Öğesi Türü
CHP Kütüphanesi CHP Kütüphanesi 08/05/2016 Bağış   643.2 Ş35b 1996 000737 08/05/2016 08/05/2016 Books